Statistics for Taylor Swift - Come In With The Rain Lyrics

Click here to take the quiz!

General Stats

  • This quiz has been taken 52 times
  • The average score is 205 of 230

Answer Stats

Answer% Correct
come
100%
I
100%
i'm
100%
in
100%
my
100%
rain
100%
the
100%
with
100%
you
100%
here
96%
know
96%
right
96%
That
96%
that
96%
to
96%
too
96%
where
96%
who
96%
you'll
96%
your
96%
a
93%
And
93%
and
93%
But
93%
'Cause
93%
'Cause
93%
hoping
93%
I'll
93%
leave
93%
open
93%
there
93%
tired
93%
why
93%
wind
93%
window
93%
all
89%
don't
89%
for
89%
Just
89%
me
89%
what
89%
by
85%
call
85%
can
85%
could
85%
every
85%
go
85%
man
85%
name
85%
put
85%
so
85%
talk
85%
Talk
85%
anymore
81%
back
81%
even
81%
heart
81%
reasons
81%
wanna
81%
have
78%
i've
78%
I've
78%
let
78%
oh
78%
say
78%
sky
78%
start
78%
these
78%
wait
78%
find
74%
up
74%
clear
70%
far
70%
got
70%
laugh
70%
night
70%
out
70%
at
67%
door
67%
down
67%
else
67%
sing
67%
steps
67%
tears
67%
song
63%
stand
63%
long
59%
yourself
59%
games
56%
watched
52%
screamed
48%

Score Distribution

Percentile by Number Answered

Percent of People with Each Score

Your Score History

You have not taken this quiz